| 000 | 00915nam a2200313 a 4500 | ||
|---|---|---|---|
| 001 | 29199 | ||
| 003 | BD-RjUL | ||
| 005 | 20211209051402.0 | ||
| 008 | 140402s2009 enka d 000 0 eng | ||
| 020 | _a9780199233991 (pbk.) | ||
| 035 | _a(BD-RjUL)29284 | ||
| 040 |
_aDLC _cDLC _dDLC _dBD-RjUL _beng |
||
| 041 | _aeng | ||
| 082 | 0 | 0 |
_aR 530.03 _222 _bDIC 2009 |
| 245 | 0 | 2 |
_aA dictionary of physics / _cOxford University. |
| 246 | 3 | 0 | _aPhysics |
| 246 | 1 | 4 | _aOxford dictionary of physics |
| 250 | _a6th ed. | ||
| 260 |
_aOxford ; _aNew York : _bOxford University Press, _cc2009. |
||
| 300 |
_a616 p. : _bill. ; _c20 cm. |
||
| 490 | _aOxford Paperback Reference | ||
| 500 | _aEdited by John Daintith. | ||
| 650 | 0 |
_aPhysics _vDictionaries. _926474 |
|
| 700 | 1 |
_aDaintith, John. _986911 |
|
| 830 |
_aOxford Paperback Reference _942241 |
||
| 942 |
_2ddc _cREF |
||
| 999 |
_c29199 _d29199 |
||